• 首页
  • 本馆介绍
  • 公告通知
  • 最新文献
  • 馆藏检索
  • 电子资源
  • 读者导购
  • 参考咨询
  • 我的图书馆
  • 登录
  • 详细信息显示
  • 放入我的书架
  • 预约/预借图书
  • 作者相关作品
  • 分类相关作品
  • 丛书相关作品
  • 出版社相关作品

书目信息

  • 表格格式
  • 工作单格式
  • 卡片格式
题名:
应用语言学研究方法与论文写作
    
 
作者: 文秋芳 , 俞洪亮 , 周维杰 著
分册:  
出版信息: 北京   外语教学与研究出版社  2005
页数: 318页
开本: 23cm
丛书名: 外研社高等英语教育学术文库
单 册:
中图分类: H08
科图分类:
主题词: 应用语言学--论文--写作 , 应用语言学 , 应用语言学--研究方法 , 论文 , 写作 , 研究方法
电子资源:
ISBN: 7-5600-4605-3
000 01094oam2 2200325 450
001 002860114
005 20061112153947.40
010    @a7-5600-4605-3@dCNY26.90
100    @a20050204d2005 em y0chiy0110 ea
101 0  @achi
102    @aCN@b110000
105    @ay z 000yy
200 1  @a应用语言学研究方法与论文写作@9ying yong yu yan xue yan jiu fang fa yu lun wen xie zuo@f文秋芳,俞洪亮,周维杰著
210    @a北京@c外语教学与研究出版社@d2005
215    @a318页@d23cm
225 2  @a外研社高等英语教育学术文库
330    @a本书分绪论、研究方法、论文写作3个部分15章。包括提出研究问题、阅读文献、选择研究设计、问卷调查、实验研究、个案研究、微变化研究等内容。
461  0 @12001 @a外研社高等英语教育学术文库
606 0  @a应用语言学@x论文@x写作
606 0  @a应用语言学
606 0  @a应用语言学@x研究方法
606 0  @a论文
606 0  @a写作
606 0  @a研究方法
690    @aH08@v4
701  0 @a文秋芳@9wen qiu fang@c(女)@4著
701  0 @a俞洪亮@9yu hong liang@4著
701  0 @a周维杰@9zhou wei jie@f(1962~)@4著
801  0 @aCN@bNLC@c20061112
905    @a10447@dH08@e115
    
    应用语言学研究方法与论文写作/文秋芳,俞洪亮,周维杰著.-北京:外语教学与研究出版社,2005
    318页;23cm.-(外研社高等英语教育学术文库)
    
    
    ISBN 7-5600-4605-3:CNY26.90
    本书分绪论、研究方法、论文写作3个部分15章。包括提出研究问题、阅读文献、选择研究设计、问卷调查、实验研究、个案研究、微变化研究等内容。
●
相关链接 在E读中查询图书 在五车中查询图书 在当当中查询图书 在豆瓣中查询图书


正题名:应用语言学研究方法与论文写作     索取号:H08/115         预约/预借

序号 登录号 条形码 馆藏地/架位号 状态 备注
1 0384346   203843467   第二样本阅览室/ [索取号:H08/115] 在馆    
2 0384347   203843476   第四借阅区/ [索取号:H08/115] 在馆    
3 0384348   203843485   第四借阅区/ [索取号:H08/115] 在馆    
4 0384349   203843494   第四借阅区/ [索取号:H08/115] 在馆    
5 0384350   203843500   第四借阅区/ [索取号:H08/115] 在馆    
唐山师范学院图书馆 欢迎您!
大连网信软件有限公司© 版权所有